| 000 | 00622pam a2200181 a 4500 | ||
|---|---|---|---|
| 020 | _a0309037239 (pbk.) : | ||
| 082 | 0 | 0 |
_a380.5 s _a388.3240973 _bNAT _cD |
| 100 |
_aT.R.B, _938708 |
||
| 245 | 0 | 0 | _aRail and motor carrier freight. |
| 260 |
_aWashington, D.C. : _bTransportation Research Board, National Research Council, _c1984. |
||
| 300 |
_aiv, 47 p. : _bill. ; _c28 cm. |
||
| 526 |
_a0 _b0 _c0 _d380_500000000000000_S_NAT |
||
| 650 | 0 |
_aMCE _9379 |
|
| 650 | 0 |
_aRailroads _xFreight _zUnited States _938709 |
|
| 650 | 0 |
_aTrucking _xUnited States _938710 |
|
| 710 | 2 |
_aNational Research Council (U.S.). _920017 |
|
| 942 |
_2ddc _cBK |
||
| 999 |
_c543353 _d543353 |
||